Betriebswirtschaftliche Kostenlehre Kostentheorie und Kostenentscheidungen
Salvato in:
| Autore principale: | |
|---|---|
| Natura: | Libro |
| Lingua: | tedesco |
| Pubblicazione: |
Wiesbaden
Gabler
1983
|
| Edizione: | 6. verb. und erw. Aufl. |
| Soggetti: | |
| Tags: |
Nessun Tag, puoi essere il primo ad aggiungerne!!
|
MARC
| LEADER | 00000nam a2200000 4500 | ||
|---|---|---|---|
| 001 | c000135 | ||
| 005 | 20221221074506.6 | ||
| 020 | |a 3-409-33629-X | ||
| 041 | 0 | |a ger | |
| 044 | |a DE | ||
| 245 | 1 | 0 | |a Betriebswirtschaftliche Kostenlehre |b Kostentheorie und Kostenentscheidungen |c Edmund Heinen |
| 250 | |a 6. verb. und erw. Aufl. | ||
| 264 | 1 | |a Wiesbaden |b Gabler |c 1983 | |
| 300 | |a 662 s. | ||
| 610 | 2 | 0 | |a náklady |
| 610 | 2 | 0 | |a podnik |
| 610 | 2 | 0 | |a rozhodovanie |
| 610 | 2 | 0 | |a pojmy |
| 610 | 2 | 0 | |a modely ekonomicko-matematické |
| 610 | 2 | 0 | |a funkcie produkčné |
| 610 | 2 | 0 | |a spotreba |
| 610 | 2 | 0 | |a teória rozhodovania |
| 610 | 2 | 0 | |a teória výroby |
| 100 | 1 | |a Heinen, Edmund | |